[Event "AUTO-INT-2456"]
[Site "http://www.queenalice.com/game.php?id=1110519"]
[Date "2012.10.8"]
[Round "1"]
[White "Antero"]
[Black "polly"]
[Result "1-0"]
[WhiteElo "1640"]
[BlackElo "1656"]

1. e4 e5 2. Nf3 Nc6 3. Bb5 Nf6 4. d3 Bc5 5. O-O O-O 6. c3 d6 7. h3 h6 8. Nbd2
Qd7 9. d4 exd4 10. cxd4 a6 11. Bxc6 Qxc6 12. dxc5 Qxc5 13. Nb3 Qh5 14. Qe2 Re8
15. Qc4 c6 16. Re1 Be6 17. Qd3 Rad8 18. Nbd4 Qg6 19. Nb3 Bxh3 20. Nh4 Qh5 21.
Qxh3 Nxe4 22. Qh2 Ng5 23. Bxg5 Qxg5 24. Nf3 Qg6 25. Na5 Rxe1+ 26. Rxe1 f6 27.
Nxb7 1-0

[Event "AUTO-INT-2456"]
[Site "http://www.queenalice.com/game.php?id=1110520"]
[Date "2012.10.8"]
[Round "1"]
[White "polly"]
[Black "Antero"]
[Result "0-1"]
[WhiteElo "1652"]
[BlackElo "1763"]

1. e4 e5 2. Nf3 Nc6 3. g3 Nf6 4. d3 Be7 5. Bg2 d5 6. O-O Bg4 7. h3 Bh5 8. Nbd2
O-O 9. b3 Nd4 10. Bb2 Nxf3+ 11. Nxf3 Bxf3 12. Qxf3 d4 13. c3 c5 14. cxd4 cxd4
15. Qf5 Qd7 16. Qxe5 Rfd8 17. Qf4 Rdc8 18. Bc1 Bb4 19. e5 Ne8 20. Rb1 Nc7 21.
Kh2 Rab8 22. a3 Bf8 23. Bb2 Ne6 24. Qg4 Bc5 25. b4 Bb6 26. f4 Nf8 27. f5 Rc2 28.
f6 Qxg4 29. hxg4 Rd2 30. Rfd1 Re2 31. fxg7 Ng6 32. Re1 Rxe5 33. Be4 Kxg7 34.
Bxg6 Rxe1 35. Rxe1 hxg6 36. Kg2 Kf6 37. Kf3 g5 38. Re4 Rd8 39. Kg2 Rc8 40. Bxd4+
Bxd4 41. Rxd4 Rc2+ 42. Kf3 Ra2 0-1

[Event "AUTO-INT-2456"]
[Site "http://www.queenalice.com/game.php?id=1110529"]
[Date "2012.10.8"]
[Round "1"]
[White "polly"]
[Black "voodoozebra"]
[Result "0-1"]
[WhiteElo "1663"]
[BlackElo "1778"]

1. e4 e6 2. Nf3 d5 3. e5 c5 4. Bb5+ Bd7 5. Bxd7+ Qxd7 6. d3 c4 7. d4 Be7 8. Nc3
Nh6 9. h3 Nc6 10. O-O Nf5 11. Bg5 Bxg5 12. Nxg5 Ncxd4 13. Nf3 Nxf3+ 14. Qxf3 Nd4
15. Qd1 Nc6 16. Qe2 O-O 17. Nb5 Nxe5 18. a4 a6 19. Nd4 Ng6 20. c3 Nf4 21. Qg4
Nd3 22. Qe2 b5 23. axb5 axb5 24. b4 Ra4 25. Nc2 Rfa8 26. f4 Ra2 27. f5 e5 28. f6
Rxa1 29. Nxa1 d4 30. cxd4 Rxa1 31. Rxa1 Qxd4+ 0-1

[Event "AUTO-INT-2456"]
[Site "http://www.queenalice.com/game.php?id=1110530"]
[Date "2012.10.8"]
[Round "1"]
[White "voodoozebra"]
[Black "polly"]
[Result "0-1"]
[WhiteElo "1778"]
[BlackElo "1634"]

1. e4 e5 2. Nf3 d6 3. Bc4 Be6 4. Bxe6 fxe6 5. d3 Nf6 6. Nc3 Be7 7. Ng5 Qd7 8.
O-O Nc6 9. Be3 O-O 10. Nb5 a6 11. Nxc7 Qxc7 12. Nxe6 Qd7 13. Nxf8 Rxf8 14. Qf3
Nd4 15. Qg3 Ne2+ 16. Kh1 Nxg3+ 17. fxg3 Qc7 18. c4 Ng4 0-1

[Event "Challenge"]
[Site "http://www.queenalice.com/game.php?id=1116975"]
[Date "2012.10.29"]
[Round "-"]
[White "ravensentker"]
[Black "polly"]
[Result "0-1"]
[WhiteElo "977"]
[BlackElo "1632"]

1. d4 d5 2. c3 Nf6 3. f3 e6 4. e4 dxe4 5. fxe4 Nxe4 6. c4 Bb4+ 7. Ke2 O-O 8. b3
c5 9. dxc5 Bxc5 10. Nh3 Qh4 11. Ng5 Nxg5 12. g3 Qe4+ 0-1

[Event "Challenge"]
[Site "http://www.queenalice.com/game.php?id=1123186"]
[Date "2012.11.17"]
[Round "-"]
[White "polly"]
[Black "Scaracioli"]
[Result "0-1"]
[WhiteElo "1626"]
[BlackElo "1673"]

1. e4 e5 2. Nf3 d6 3. Nc3 Nf6 4. g3 Bg4 5. Bg2 d5 6. d3 d4 7. Nd5 Nxd5 8. exd5
f5 9. O-O Qxd5 10. h3 Bxf3 11. Qxf3 e4 12. dxe4 Qc6 13. Qxf5 Nd7 14. e5 Qb5 15.
b3 O-O-O 16. Be4 Qxe5 17. Bf4 Qxf5 18. Bxf5 Be7 19. Rac1 Bf6 20. Rb1 Rhe8 21.
Bd3 g6 22. Rfc1 Be5 23. Re1 a6 24. Bxe5 Nxe5 25. Kg2 Nxd3 26. cxd3 c5 27. Re4
Kc7 28. Rc1 b6 29. b4 Rxe4 30. Kf3 Ree8 31. bxc5 bxc5 32. Rxc5+ Kb6 33. Rc1 Rd5
34. g4 Ra5 35. Ra1 Rae5 36. Rc1 Rc5 37. Ra1 Rc2 0-1

[Event "Challenge"]
[Site "http://www.queenalice.com/game.php?id=1123187"]
[Date "2012.11.17"]
[Round "-"]
[White "Scaracioli"]
[Black "polly"]
[Result "1-0"]
[WhiteElo "1678"]
[BlackElo "1640"]

1. e4 e5 2. Nf3 Nc6 3. d4 d5 4. Bb5 Bd7 5. exd5 Nxd4 6. Bxd7+ Qxd7 7. Nxd4 exd4
8. Qxd4 Nf6 9. c4 Bb4+ 10. Nc3 O-O 11. O-O c6 12. Bd2 c5 13. Qd3 Qd6 14. a3 Bxc3
15. bxc3 b6 16. Rfe1 Rfe8 17. f3 Rxe1+ 18. Rxe1 h6 19. g4 g5 20. Qf5 Kg7 21. f4
1-0

[Event "AUTO-INT-2597"]
[Site "http://www.queenalice.com/game.php?id=1165871"]
[Date "2013.3.29"]
[Round "1"]
[White "MrDJRVD"]
[Black "polly"]
[Result "1-0"]
[WhiteElo "1850"]
[BlackElo "1605"]

1. d4 d5 2. c4 Nf6 3. cxd5 Nxd5 4. Nf3 e6 5. a3 Nc6 6. g3 Bd6 7. Bg2 O-O 8. O-O
Qf6 9. e3 Nb6 10. b4 e5 11. dxe5 Nxe5 12. Nxe5 Bxe5 13. Ra2 c6 14. Qe2 a5 15.
Bb2 axb4 16. Bxe5 Qxe5 17. axb4 Rxa2 18. Qxa2 Qc7 19. Rc1 Nd5 20. Bxd5 Be6 21.
Bxe6 fxe6 22. Qxe6+ Qf7 23. Qxf7+ Rxf7 24. Nd2 g6 25. f4 Rf5 26. Kf2 Rb5 27. Rb1
Rd5 28. Rb2 b5 29. e4 Rd6 30. Ke3 1-0

[Event "AUTO-INT-2597"]
[Site "http://www.queenalice.com/game.php?id=1165872"]
[Date "2013.3.29"]
[Round "1"]
[White "polly"]
[Black "MrDJRVD"]
[Result "0-1"]
[WhiteElo "1600"]
[BlackElo "1731"]

1. e4 c5 2. Nc3 d6 3. Nf3 a6 4. Bc4 Nf6 5. d3 g6 6. O-O Bg7 7. e5 dxe5 8. Nxe5
O-O 9. Bf4 e6 10. f3 b5 11. Bb3 Qb6 12. a4 c4+ 13. d4 Rd8 14. Ne2 cxb3 15. cxb3
bxa4 16. Rxa4 Nc6 17. Nxc6 Qxc6 18. Rc4 Qd5 19. Be5 Nd7 20. Bxg7 Kxg7 21. Qd3
Ne5 0-1

[Event "AUTO-INT-2597"]
[Site "http://www.queenalice.com/game.php?id=1165885"]
[Date "2013.3.29"]
[Round "1"]
[White "pride"]
[Black "polly"]
[Result "0-1"]
[WhiteElo "1592"]
[BlackElo "1589"]

1. e4 e5 2. d4 Nc6 3. d5 Nb8 4. h4 Nf6 5. Nc3 Bc5 6. Nf3 d6 7. Bb5+ Bd7 8. h5 h6
9. Bxd7+ Nbxd7 10. Na4 Nxe4 11. Nxc5 Nexc5 12. Rh4 e4 13. Qe2 Qe7 14. Nd4 Qxh4
15. Qb5 O-O 16. Be3 a6 17. Qe2 Qh1+ 18. Kd2 Qxg2 19. Nf5 Rfe8 20. Rf1 Re5 21.
Nd4 Rxd5 22. Qc4 c6 23. Kc3 Rxh5 24. f4 Rh3 25. b3 Rxe3+ 26. Kb2 Nd3+ 27. Kc3
Qxf1 28. Nf5 N3e5+ 0-1

[Event "AUTO-INT-2597"]
[Site "http://www.queenalice.com/game.php?id=1165886"]
[Date "2013.3.29"]
[Round "1"]
[White "polly"]
[Black "pride"]
[Result "1-0"]
[WhiteElo "1599"]
[BlackElo "1587"]

1. e4 e5 2. Nc3 a5 3. Nf3 Nc6 4. d3 Qf6 5. Be2 Qg6 6. O-O d6 7. g3 Nf6 8. Nd5
Ng4 9. Nxc7+ Kd8 10. Nxa8 Qh5 11. Bg5+ f6 12. Bh4 g5 13. Nb6 Nd4 14. Nd5 Rg8 15.
Nxf6 Nxf6 16. Bxg5 Rxg5 17. Nxg5 Qxg5 18. f4 exf4 19. Rxf4 Nxe2+ 20. Qxe2 Nh5
21. Rxf8+ Kc7 22. Rf3 Bg4 23. Qe3 Qb5 24. Rf7+ Bd7 25. Rb1 b6 26. Qf3 Qc5+ 27.
Qf2 Qe5 28. c4 Kc6 29. b4 Qc3 30. bxa5 Qxa5 31. Rxh7 Qc5 32. Rxh5 Qxh5 33. Qxb6#
1-0

[Event "AUTO-INT-2597"]
[Site "http://www.queenalice.com/game.php?id=1165893"]
[Date "2013.3.29"]
[Round "1"]
[White "Antoniel_Barbosa"]
[Black "polly"]
[Result "1/2-1/2"]
[WhiteElo "1468"]
[BlackElo "1606"]

1. e4 e5 2. Nc3 Nf6 3. Nf3 Nc6 4. d4 exd4 5. Nxd4 d5 6. Bg5 Be7 7. Bxf6 Bxf6 8.
Bb5 O-O 9. Bxc6 Bxd4 10. Qxd4 bxc6 11. exd5 Re8+ 12. Ne4 cxd5 13. O-O-O Bb7 14.
Nc5 Bc6 15. h4 Rb8 16. b3 Bb7 17. Rhe1 Rf8 18. g3 Qd6 19. f4 c6 20. g4 Bc8 21.
f5 Bxf5 22. gxf5 Qh6+ 23. Kb1 a5 24. Nd7 Rb4 25. Qc5 g5 26. fxg6 hxg6 27. Nf6+
Kh8 28. Qxc6 Rbb8 29. Rxd5 Qxh4 30. Re8 Rbxe8 31. Nxe8 Qe1+ 32. Kb2 Rxe8 33.
Qf6+ 1/2-1/2

[Event "AUTO-INT-2597"]
[Site "http://www.queenalice.com/game.php?id=1165894"]
[Date "2013.3.29"]
[Round "1"]
[White "polly"]
[Black "Antoniel_Barbosa"]
[Result "1/2-1/2"]
[WhiteElo "1612"]
[BlackElo "1450"]

1. e4 e5 2. Nc3 Bb4 3. Nf3 Nc6 4. Bc4 Bxc3 5. dxc3 Nf6 6. Qd3 O-O 7. O-O d6 8.
b4 a5 9. b5 Na7 10. h3 c6 11. bxc6 Nxc6 12. Bb2 Nh5 13. Nh2 Nf4 14. Qf3 Be6 15.
Bxe6 fxe6 16. Bc1 Qg5 17. Bxf4 exf4 18. Ng4 Ne5 19. Nxe5 Qxe5 20. Rab1 Rab8 21.
c4 Rfc8 22. Rb5 d5 23. exd5 Rxc4 24. Qd3 Rb4 25. Rxb4 axb4 26. dxe6 Qxe6 27. a3
bxa3 28. Qxa3 b5 29. Qc1 b4 30. Qxf4 Rb5 31. Rb1 g5 32. Qg4 Qa2 33. Rxb4 Rxb4
34. Qxb4 Qa1+ 1/2-1/2

[Event "Matrix 4"]
[Site "http://www.queenalice.com/game.php?id=1177687"]
[Date "2013.5.2"]
[Round "4"]
[White "polly"]
[Black "Nelsonbento"]
[Result "1-0"]
[WhiteElo "1615"]
[BlackElo "1761"]

1. e4 e5 2. Nc3 c6 3. g3 h5 4. Nf3 f6 5. d3 a5 6. Bg2 Bc5 7. O-O g6 8. d4 exd4
9. Nxd4 Ne7 10. Be3 g5 11. Nf5 Bxe3 12. fxe3 Na6 13. Ng7+ Kf7 14. Nf5 Nxf5 15.
exf5 d5 16. e4 Nb4 17. a3 Nxc2 18. Qxc2 d4 19. Qb3+ Kg7 20. Nb1 a4 21. Qb4 h4
22. Rf3 g4 23. Rf4 Ra5 24. Rxg4+ Kf7 25. Nd2 hxg3 26. Rxg3 c5 27. Qc4+ Kf8 28.
b3 Qc7 29. Rh3 Rxh3 30. Bxh3 Qg7+ 31. Bg2 b6 32. b4 Ra7 33. bxc5 Rc7 34. Qxd4
Rd7 35. Qb4 bxc5 36. Qxc5+ Kf7 37. Qf2 Bb7 38. Kf1 Ba6+ 39. Kg1 Qg5 40. Nf3 Qf4
41. Qa2+ Kf8 42. e5 fxe5 43. Qe6 Bc8 44. Qf6+ Rf7 45. Qd8+ Kg7 46. Qxc8 Qxf5 47.
Qc3 Kh7 48. Qxe5 Qg4 49. Kf2 Qc8 50. Qe4+ Kg8 51. Rg1 Qc5+ 52. Qe3 Qc2+ 53. Qe2
Qc5+ 54. Qe3 Qc2+ 55. Kg3 Rg7+ 56. Ng5 Qc7+ 57. Kh4 Qxh2+ 58. Bh3 Rg6 59. Qe8+
Kg7 60. Qf7+ Kh8 61. Qh7# 1-0

[Event "Challenge"]
[Site "http://www.queenalice.com/game.php?id=1227284"]
[Date "2013.10.25"]
[Round "-"]
[White "polly"]
[Black "lucasalex"]
[Result "0-1"]
[WhiteElo "1637"]
[BlackElo "1889"]

1. e4 e5 2. Nf3 Nc6 3. Bc4 Bc5 4. O-O Nf6 5. Nc3 O-O 6. d3 h6 7. b3 d6 8. h3 a6
9. a4 Na5 10. Bb2 Nxc4 11. dxc4 Be6 12. Ba3 Ba7 13. Qd2 Re8 14. Rfe1 Qd7 15. Nd5
Kh7 16. Qd3 Rad8 17. Nxf6+ gxf6 18. Nh2 Rg8 19. Ng4 Bxg4 20. Qg3 Bxh3 21. Qh2
Rxg2+ 22. Qxg2 Bxg2 23. Kxg2 Qg4+ 24. Kf1 Qf3 25. Re2 Qh1# 0-1

[Event "Challenge"]
[Site "http://www.queenalice.com/game.php?id=1227889"]
[Date "2013.10.28"]
[Round "-"]
[White "zmanomega"]
[Black "polly"]
[Result "1-0"]
[WhiteElo "1686"]
[BlackElo "1631"]

1. e4 e5 2. Nf3 Nc6 3. Bb5 Nf6 4. Ng5 Bc5 5. Bc4 d5 6. exd5 Ne7 7. c3 h6 8. Nf3
Qd6 9. Nh4 O-O 10. d3 Nexd5 11. Qf3 Kh7 12. Nd2 Qe6 13. Ne4 b6 14. g4 Nxg4 15.
Bxd5 Qxd5 16. Nxc5 Qxc5 17. O-O Be6 18. Nf5 g6 19. Qxg4 Bxf5 20. Qh4 h5 21. Qg5
Kg7 22. Qd2 e4 23. d4 Qd5 24. Qf4 Qd7 25. f3 Rh8 26. fxe4 Bh3 27. Rf2 Rag8 28.
Be3 Kf8 29. Rf3 Bg4 30. Rg3 Kg7 31. Qe5+ f6 32. Qf4 Rf8 33. Qf2 c5 34. d5 f5 35.
c4 fxe4 36. Qg2 Re8 37. h3 Bf5 38. h4 b5 39. Rg5 bxc4 40. Rf1 Bg4 41. Bxc5 e3
42. Bd4+ Kh7 43. Bxh8 e2 44. Re1 Rxh8 45. Qe4 Qd6 46. Qg2 Qb6+ 47. Kh2 Qxb2 48.
Qe4 Qb8+ 49. Kh1 Rg8 50. Qe7+ Rg7 51. Qa3 Qf4 52. Kg2 Bf3+ 53. Qxf3 Qxh4 54. Rg3
Qd8 55. Rxe2 a5 56. Qe4 Qf6 57. Rf2 1-0

[Event "Challenge"]
[Site "http://www.queenalice.com/game.php?id=1247683"]
[Date "2014.1.13"]
[Round "-"]
[White "lucasalex"]
[Black "polly"]
[Result "1-0"]
[WhiteElo "1909"]
[BlackElo "1617"]

1. e4 e5 2. Nf3 Nc6 3. Bb5 d6 4. d4 a6 5. Ba4 b5 6. Bb3 Bb7 7. O-O Nf6 8. Re1
Be7 9. c3 O-O 10. Nbd2 exd4 11. cxd4 d5 12. e5 Ne4 13. Nxe4 dxe4 14. Rxe4 g6 15.
Bh6 Re8 16. Rf4 Kh8 17. Rxf7 Bf8 18. Ng5 Qxg5 19. Bxg5 Ne7 20. Bf6+ Kg8 21.
Rxe7+ Bd5 22. Bxd5# 1-0

[Event "FemaleTournament"]
[Site "http://www.queenalice.com/game.php?id=1264302"]
[Date "2014.3.12"]
[Round "1"]
[White "swmorgana"]
[Black "polly"]
[Result "0-1"]
[WhiteElo "1379"]
[BlackElo "1613"]

1. e3 e5 2. Nf3 Nc6 3. Bc4 d5 4. Bb3 Nf6 5. Nc3 Bg4 6. h3 Bh5 7. g4 Bg6 8. g5
Ne4 9. Nxd5 Nxg5 10. Nh4 Be7 11. Rg1 Ne4 12. Qe2 Bxh4 13. Rg4 O-O 14. d3 Bxf2+
15. Kf1 Ng3+ 16. Rxg3 Bxg3 17. Qg2 Bh4 18. d4 exd4 19. exd4 Nxd4 20. Ba4 c6 21.
Nf4 Qf6 22. Be3 Rad8 23. Rd1 Bg5 24. h4 Bxf4 25. Bxf4 Qxf4+ 26. Kg1 Nf3+ 27. Kf2
Nxh4+ 28. Kg1 Rxd1+ 29. Qf1 Rxf1# 0-1

[Event "Challenge"]
[Site "http://www.queenalice.com/game.php?id=1279198"]
[Date "2014.5.5"]
[Round "-"]
[White "cyrano"]
[Black "polly"]
[Result "1-0"]
[WhiteElo "1601"]
[BlackElo "1620"]

1. e4 e5 2. d4 Bb4+ 3. c3 Bd6 4. Nf3 h6 5. dxe5 Bc5 6. b4 Bb6 7. a4 a5 8. b5 d6
9. Bc4 Be6 10. Bxe6 fxe6 11. Nd4 Qd7 12. Qh5+ Qf7 13. Qxf7+ Kxf7 14. exd6 cxd6
15. f4 Nf6 16. e5 dxe5 17. fxe5 Nd5 18. Rf1+ Ke7 19. Ra2 Nd7 20. Raf2 Nxe5 21.
Ba3+ Kd7 22. Re2 Nd3+ 23. Kd2 Nc5 24. Rf7+ Ne7 25. Re5 Ke8 26. Rxg7 Kf8 27. Rg4
Re8 28. Bxc5 Bxc5 29. Rxc5 Kf7 30. Rf4+ Nf5 31. Nxf5 exf5 32. Rcxf5+ Kg6 33.
Rf6+ Kg7 34. Rf7+ Kg6 35. R4f6+ Kg5 36. Rf5+ Kg6 37. h4 1-0

[Event "OS INCLIVEIS"]
[Site "http://www.queenalice.com/game.php?id=1279647"]
[Date "2014.5.7"]
[Round "-"]
[White "adelio"]
[Black "polly"]
[Result "1-0"]
[WhiteElo "1835"]
[BlackElo "1607"]

1. b4 Nf6 2. c4 e5 3. a3 d6 4. Nc3 Be6 5. e4 Be7 6. Be2 O-O 7. Nf3 Nh5 8. h4 Nc6
9. d3 Nf4 10. Bxf4 exf4 11. h5 Bg5 12. Ra2 Ne5 13. g3 Nxf3+ 14. Bxf3 Qf6 15. Nd5
Bxd5 16. cxd5 fxg3 17. fxg3 Qe5 18. Rg2 f5 19. O-O f4 20. d4 Qf6 21. g4 Rf7 22.
e5 Qh6 23. e6 Re7 24. Qc2 Rc8 25. Be4 Bf6 26. g5 Bxg5 27. Bxh7+ Qxh7 28. Qxh7+
Kxh7 29. Rxg5 c6 30. Rxf4 cxd5 31. Rfg4 Rg8 32. Rxd5 Rxe6 33. Rg6 Rxg6+ 34.
hxg6+ Kxg6 35. Rxd6+ Kf5 36. Rd7 Ke4 37. Kf2 g5 38. Ke2 b5 39. Kd2 g4 40. Rxa7
Kxd4 41. Rd7+ Ke4 42. Rb7 Rg5 43. Ke2 g3 44. Re7+ Kf4 45. Rf7+ Kg4 46. Rf1 Re5+
47. Kd3 g2 48. Rg1 Kf4 49. Rxg2 Re3+ 50. Kd4 Rxa3 51. Kc5 Kf3 52. Rh2 Ke3 53.
Rh3+ 1-0

[Event "FemaleTournament"]
[Site "http://www.queenalice.com/game.php?id=1284581"]
[Date "2014.5.28"]
[Round "2"]
[White "polly"]
[Black "Bennedyttas"]
[Result "1-0"]
[WhiteElo "1600"]
[BlackElo "1425"]

1. e4 c5 2. Bc4 e6 3. Nf3 Nf6 4. Nc3 Nc6 5. d3 Ng4 6. Bg5 Qb6 7. h3 Nf6 8. Bb3
Nh5 9. Be3 h6 10. O-O Bd6 11. Qe1 a5 12. a3 O-O 13. Na4 Qb5 14. Nc3 Qb6 15. Rb1
f6 16. Ba2 Kh7 17. Ne2 e5 18. Ng3 Nxg3 19. fxg3 Qa7 20. Nh4 g5 21. Nf5 b6 22.
Nxd6 Ba6 23. h4 Qc7 24. Nf5 Nd4 25. Bxd4 cxd4 26. Qd2 Bb7 27. hxg5 hxg5 28. Kf2
Kg6 29. Rh1 Rh8 30. c3 d6 31. cxd4 exd4 32. g4 Rxh1 33. Rxh1 Re8 34. Rh6# 1-0